Rural poverty-oriented monitoring and evaluation: simple is optimal (Record no. 476453)

000 -LEADER
fixed length control field 00381cam a22001217a 4500
008 - FIXED-LENGTH DATA ELEMENTS--GENERAL INFORMATION
fixed length control field 180718b1978 xxu||||| |||| 00| 0 eng d
082 ## - DEWEY DECIMAL CLASSIFICATION NUMBER
Classification number B136 C355ru
100 ## - MAIN ENTRY--PERSONAL NAME
Personal name Chambers, Robert
245 ## - TITLE STATEMENT
Title Rural poverty-oriented monitoring and evaluation: simple is optimal
Statement of responsibility, etc. by Robert Chambers
260 ## - PUBLICATION, DISTRIBUTION, ETC.
Place of publication, distribution, etc. Sussex
Name of publisher, distributor, etc. University of Sussex
Date of publication, distribution, etc. 1978
300 ## - PHYSICAL DESCRIPTION
Extent 23p.
650 ## - SUBJECT ADDED ENTRY--TOPICAL TERM
Topical term or geographic name entry element Rural Development.
Holdings
Withdrawn status Lost status Damaged status Not for loan Permanent Location Current Location Date acquired Full call number Barcode Date last seen Price effective from Koha item type
        Indian Institute of Public Administration Indian Institute of Public Administration 2018-08-04 B136 C355ru GR11345 2018-08-04 2018-08-04 GR

Powered by Koha